The Bauhaus : (Record no. 21231)
[ view plain ]
| 000 -CABECERA | |
|---|---|
| campo de control de longitud fija | 01125nam a2200313 4500 |
| 003 - IDENTIFICADOR DEL NÚMERO DE CONTROL | |
| campo de control | OSt |
| 005 - FECHA Y HORA DE LA ÚLTIMA TRANSACCIÓN | |
| campo de control | 20260601193527.0 |
| 008 - DATOS DE LONGITUD FIJA--INFORMACIÓN GENERAL | |
| campo de control de longitud fija | 260417b19691978maua|||| |||| 00| 0 eng d |
| 020 ## - NÚMERO INTERNACIONAL ESTÁNDAR DEL LIBRO | |
| Número Internacional Estándar del Libro | 026223033X |
| Información calificativa | encuadernado en tela |
| 020 ## - NÚMERO INTERNACIONAL ESTÁNDAR DEL LIBRO | |
| Número Internacional Estándar del Libro | 0262730472 |
| Información calificativa | rústica |
| 040 ## - FUENTE DE LA CATALOGACIÓN | |
| Centro catalogador/agencia de origen | ICI |
| Lengua de catalogación | spa |
| Centro/agencia transcriptor | ICI |
| 050 #4 - SIGNATURA TOPOGRÁFICA DE LA BIBLIOTECA DEL CONGRESO | |
| Número de clasificación | N332.B38 |
| Número de documento/Ítem | W5413 1969 |
| 100 #1 - ENTRADA PRINCIPAL--NOMBRE DE PERSONA | |
| Nombre de persona | Wingler, Hans Maria |
| Término indicativo de función/relación | autor |
| 9 (RLIN) | 35951 |
| 240 #1 - TÍTULO UNIFORME | |
| Título uniforme | Das Bauhaus. |
| Lenguaje de la obra | Inglés |
| 245 #1 - MENCIÓN DE TÍTULO | |
| Título | The Bauhaus : |
| Resto del título | Weimar, Dessau, Berlin, Chicago / |
| Mención de responsabilidad, etc. | by Hans M. Wingler ; translated by Wolfgang Jabs and Basil Gilbert ; edited by Joseph Stein |
| 264 ## - PRODUCCIÓN, PUBLICACIÓN, DISTRIBUCIÓN, FABRICACIÓN Y COPYRIGHT | |
| Nombre del de productor, editor, distribuidor, fabricante | MIT Press, |
| Fecha de producción, publicación, distribución, fabricación o copyright | 1969 |
| Producción, publicación, distribución, fabricación y copyright | Cambridge, Massachusetts : |
| 300 ## - DESCRIPCIÓN FÍSICA | |
| Extensión | 658 páginas |
| Otras características físicas | ilustraciones |
| 336 ## - TIPO DE CONTENIDO | |
| Término de tipo de contenido | texto |
| Fuente | rdacontent |
| 337 ## - TIPO DE MEDIO | |
| Nombre/término del tipo de medio | sin medio |
| Fuente | rdamedia |
| 338 ## - TIPO DE SOPORTE | |
| Nombre/término del tipo de soporte | volumen |
| Fuente | rdacarrier |
| 500 ## - NOTA GENERAL | |
| Nota general | "Originally published in german in 1962 under the name: Das Bauhaus" |
| 500 ## - NOTA GENERAL | |
| Nota general | Reimpresiones: (1978) |
| 610 #2 - PUNTO DE ACCESO ADICIONAL DE MATERIA--NOMBRE DE ENTIDAD CORPORATIVA | |
| Nombre de entidad corporativa o nombre de jurisdicción como elemento de entrada | Bauhaus |
| 9 (RLIN) | 35952 |
| 700 #1 - PUNTO DE ACCESO ADICIONAL--NOMBRE DE PERSONA | |
| Nombre de persona | Jabs, Wolfgang, |
| Término indicativo de función/relación | traductor |
| 9 (RLIN) | 35953 |
| 700 #1 - PUNTO DE ACCESO ADICIONAL--NOMBRE DE PERSONA | |
| Nombre de persona | Gilbert, Basil, |
| 9 (RLIN) | 35954 |
| 700 #1 - PUNTO DE ACCESO ADICIONAL--NOMBRE DE PERSONA | |
| Nombre de persona | Stein, Joseph, |
| Fechas asociadas al nombre | 1977- |
| Término indicativo de función/relación | editor |
| 9 (RLIN) | 35955 |
| 700 #1 - PUNTO DE ACCESO ADICIONAL--NOMBRE DE PERSONA | |
| Nombre de persona | Wingler, Hans Maria |
| 9 (RLIN) | 35951 |
| 942 ## - ELEMENTOS DE PUNTO DE ACCESO ADICIONAL (KOHA) | |
| Fuente del sistema de clasificación o colocación | Library of Congress Classification |
| Tipo de ítem Koha | Libros |
No items available.